[Event "Golden Rook op"]
[Site "Chotowa"]
[Date "2003.05.08"]
[Round "3"]
[White "Tomczak, Krzysztof"]
[Black "Kasiak, Robert"]
[Result "1-0"]
[WhiteElo "1800"]
[BlackElo "1800"]
[PlyCount "97"]
[EventDate "2003.05.??"]
[EventType "swiss"]
[EventRounds "9"]
[EventCountry "POL"]
[SourceTitle "EXT 2005"]
[Source "ChessBase"]
[SourceDate "2004.11.15"]
[SourceVersion "1"]
[SourceVersionDate "2004.11.15"]
[SourceQuality "1"]

1. d4 Nf6 2. c4 g6 3. Nc3 Bg7 4. e4 d6 5. Nf3 0-0 6. Be2 e5 7. dxe5 dxe5 8. Bg5 c6 9. h3 Qc7 10. Qc1 Rd8 11. 0-0 Na6 12. Qe3 b6 13. a3 Nc5 14. Rad1 Bb7 15. b4 Ne6 16. Bh4 Rxd1 17. Rxd1 Nh5 18. Ng5 Nhf4 19. Nxe6 Nxe6 20. Bg4 Nd4 21. Ne2 h5 22. Bf3 Qd6 23. Nxd4 exd4 24. Qd3 a5 25. Bg3 Qe7 26. b5 cxb5 27. cxb5 h4 28. Bf4 g5 29. Bd2 Be5 30. Re1 Bc8 31. Bg4 Bb7 32. Bf5 Kg7 33. g3 hxg3 34. fxg3 f6 35. Rc1 Rd8 36. Kf2 Re8 37. Re1 Rd8 38. h4 Rh8 39. Rh1 Rh5 40. Qf3 Qe8 41. hxg5 Rxh1 42. gxf6+ Bxf6 43. Qxh1 Qh8 44. Qxh8+ Kxh8 45. Ke2 Be7 46. a4 Kg7 47. Kd3 Bc5 48. Bf4 Kf6 49. g4 1-0

[Event "Golden Rook op"]
[Site "Chotowa"]
[Date "2003.05.07"]
[Round "2"]
[White "Tomczak, Krzysztof"]
[Black "Galazewski, Tomasz"]
[Result "1/2-1/2"]
[WhiteElo "2000"]
[BlackElo "2000"]
[PlyCount "43"]
[EventDate "2003.05.??"]
[EventType "swiss"]
[EventRounds "9"]
[EventCountry "POL"]
[SourceTitle "EXT 2005"]
[Source "ChessBase"]
[SourceDate "2004.11.15"]
[SourceVersion "1"]
[SourceVersionDate "2004.11.15"]
[SourceQuality "1"]

1. d4 Nf6 2. c4 e6 3. Nc3 Bb4 4. Qc2 d5 5. e3 c5 6. Nf3 Nc6 7. Bd3 0-0 8. 0-0 cxd4 9. exd4 dxc4 10. Be2 Nxd4 11. Nxd4 Qxd4 12. Be3 Qh4 13. Bf3 e5 14. g3 Qh3 15. Nd5 Nxd5 16. Bxd5 Be7 17. Qxc4 Be6 18. Bxe6 fxe6 19. Qe4 b6 20. a3 Qf5 21. Qb7 Qf7 22. Rac1 1/2-1/2